Fault tolerant parallel programming environment = Paralelné programovacie prostredie odolné proti poruchám : Ved. odb. 25-11-9, Obhj. 18. 12. 2002
Na minha lista:
| Autor principal: | |
|---|---|
| Outros Autores: | |
| Formato: | Manuscrito Livro |
| Idioma: | inglês |
| Publicado em: |
Bratislava :
STU v Bratislave FEI,
2002
|
| Assuntos: | |
| Tags: |
Sem tags, seja o primeiro a adicionar uma tag!
|
MARC
| LEADER | 00000ntm a22000003a 4500 | ||
|---|---|---|---|
| 001 | stu78875 | ||
| 005 | 20220604185627.6 | ||
| 008 | 030131s2002------------------------eng-d | ||
| 040 | |a STU |b slo | ||
| 041 | 0 | |a eng | |
| 080 | |a 681.32.013 | ||
| 080 | |a 519.687 | ||
| 084 | |a C4240P |2 INS | ||
| 084 | |a C6110P |2 INS | ||
| 100 | 1 | |a Nguyen, Thu Giang |4 aut |u E220 |U FEI Fakulta elektrotechniky a informatiky |T FEI Katedra informatiky a výpočtovej techniky |X 90747 |U E220 |Y 69 |7 90747 | |
| 245 | 1 | |a Fault tolerant parallel programming environment = Paralelné programovacie prostredie odolné proti poruchám : |b Ved. odb. 25-11-9, Obhj. 18. 12. 2002 | |
| 260 | |a Bratislava : |b STU v Bratislave FEI, |c 2002 | ||
| 300 | |a 101 s | ||
| 650 | 7 | |a Aplikovaná informatika |2 stusub | |
| 650 | 7 | |a paralelné programovanie |2 stusub | |
| 650 | 7 | |a odolnosť proti poruchám |2 stusub | |
| 700 | 1 | |a Kotočová, Margaréta |4 ths |u 070100 |U FIIT Fakulta informatiky a informačných technológií |T FIIT Ústav počítačových systémov a sietí |X 2014 |U I100 |Y 178 |7 A000002014 | |
| 996 | |b 284ED00145 |c E*PGŠ-844 |l EE01 |s A |a 24 |w stu78875_0001 | ||